| 000 | 00494nam a2200169Ia 4500 | ||
|---|---|---|---|
| 008 | 240428s9999||||xx |||||||||||||| ||und|| | ||
| 020 | _a1588263835 | ||
| 041 | _afre | ||
| 082 | _a303.69P | ||
| 100 | _aTongeren, Paui van...etal (ed.) | ||
| 245 | 0 | _aPeople building peace: successful stories of civil society | |
| 260 |
_bLynne Rienner Pub _aColorado: _c2005 |
||
| 300 | _axvi,697p.: | ||
| 650 | _aPacifism - Peace movement - Civil Society - Pacifism-Case studies | ||
| 942 | _cBK | ||
| 999 |
_c57 _d57 |
||